000 00661nam a2200241Ia 4500
003 OSt
005 20220928124404.0
006 a|||||r|||| 00| 0
007 ta
008 220927b |||||||| |||| 00| 0 eng d
024 _a36673
037 _cTextual
040 _aSDCL
_cSDCL
_beng
041 _2eng
_aeng
082 _aX9(J):531.3'N8, M2
100 _aStrak John
_9464805
245 0 _aMeasurement of agricultural protection
260 _aLondon
_bMacmillan Press
_c1982
300 _axvi,120p
_ccm.
490 _aCommercial policy issues .6
942 _hX9(J):531.3'N8, M2
_cTEXL
_2CC
999 _c777704
_d777704